000
00339nam a2200157Ia 4500
008
221030s9999 xx 000 0 und d
020
_a
0140022058
041
_a
English
082
_a
105.23
_b
Wod
100
_a
P. G. Wodehouse
245
0
_a
Ukridge
260
_b
Penguin books.
_c
1924
300
_a
241
650
_a
General
942
_c
BK
999
_c
425
_d
425